Statistiques concernant Pays de la coupe du monde de rugby 2016

Cliquez ici pour prendre le quiz!

Statistiques générales

  • Ce quiz a été pris 227 fois
  • Le résultat moyen est 15 sur 20

Statistiques - réponses

Answer % Correct
France
98%
Australie
92%
Nouvelle-Zélande
91%
Angleterre
90%
Irlande
87%
Ecosse
86%
Italie
84%
Pays de Galles
83%
Afrique du Sud
81%
Tonga
74%
Argentine
74%
Samoa
72%
Fidji
70%
Japon
65%
Canada
63%
Roumanie
60%
Etats-Unis
55%
Namibie
48%
Géorgie
42%
Uruguay
35%

Distribution des résultats

Percentile by Number Answered

% des personnes avec chaque résultat

Votre développement - résultats

Vous n’avez pas pris ce quiz